000 00607 a2200193 4500
001 63188
005 20260407155927.0
008 260407a1977 arg spa d
003 AR-UNSa-BCEJYS
040 _aAR-UNSa-BCEJYS
_bspa
_cAR-UNSa-BCEJYS
080 _a339.72.053
_xBalanza de pagos
245 1 0 _aDinero, precios y la balanza de pagos
_pLa experiencia de México 1950-1973
264 1 _aMéxico :
_bCEMLA (Centro de Estudios Monetarios Latinoamericanos)
_c1977
300 _a107 p.
_c21 cm.
041 _aspa
942 _cBK
590 _aniveau_biblio:m niveau_hierar:0
100 1 _aBlejer, Mario I.
999 _c8029
_d8029